1527 1576 1384 1322 1300 1251 1177 1095 1863 1073 1911 1813 1582 1533 1590 1561 1229 1828 1419 1062 1964 1770 1231 1926 1274 1279 1772 1439 1318 1615 1408 1024 1312 1250 1002 1451 1626 1106 1086 1952 1032 1546 1323 1157 1959 1549 1949 1003 1426 1993 1567 1395 1665 1049 1535 1112 1231 1371 1644 1195 1301 1969 1318 1511 1226 1173 1949 1986 1070 1365 1035 1172 1135 1822 1072 1381 1762 1624 1321 1825 1640 1339 1566 1201 1359 1242 1043 1662 1960 1959 1500 1405 1689 1342 1163 1557 1163 1391 1221 BCNSPRNW ULIB Ver.6.0+V

เปลี่ยนเป็นภาษาไทย

Change to English
 แสดงรายละเอียดบรรณานุกรม
  กลับหน้าหลัก

Brief Record : Get Marc (ISO 2709) : E-mail record : QR code < ปิดหน้าต่าง
LEADER : 00000nam 2200000uu 4500
001    13399107943
003     ULIB
008    110210s2550||||th 000 0 tha d
020    9744658045
060 04 WY86^bจ264น 2550
100 0  จันทร์เพ็ญ สันตวาจา
245 10 แนวคิดพื้นฐานทฤษฎีและกระบวนการพยาบาล /^cจันทร์เพ็ญสันตวาจา, อภิญญา เพียรพิจารณ์, รัตนาภรณ์ ศิริวัฒน์ชัยพร
250    พิมพ์ครั้งที่ 3
260    นนทบุรี :^bโครงการสวัสดิการวิชาการ สถาบันพระบรมราชชนก,^c2550
300    112 หน้า :^bภาพประกอบ ;^c27 ซม.
650  7 การพยาบาล
650  7 กระบวนการพยาบาล
700 0  อภิญญา เพียรพิจารณ์
700 0  รัตนาภรณ์ ศิริวัฒน์ชัยพร
710 2  สถาบันพระบรมราชชนก. ^bโครงการสวัสดิการวิชาการ
945    ^p150^l0^i021372
945    ^p150^l0^i021371
945    ^p150^l0^i021373
995    ทศพร
999 ^a ใช้งานได้ทุกระบบ
รายการนี้ยังไม่มีแท็ก
คุณยังไม่ได้ล็อกอิน คุณสามารถมีกิจกรรมร่วมกับเว็บไซต์ได้ แต่ต้องล็อกอินก่อน ::
  ล็อกอิน

รายการสื่อสารสนเทศ

ลำดับที่ ประเภท เลขเรียก/บาร์โค้ด สถานที่ สถานะ
1. วิทยาศาสตร์การแพทย์ และสุขภาพ
วิทยาศาสตร์การแพทย์ และสุขภาพ
WY86 จ264น 2550 ฉ.1 
  Barcode: 021371
ห้องสมุดวิทยาเขตสวรรค์ประชารักษ์
►ส่วนจัดเก็บหนังสือเก่า สปร
บนชั้น
  ขอยืม
2. วิทยาศาสตร์การแพทย์ และสุขภาพ
วิทยาศาสตร์การแพทย์ และสุขภาพ
WY86 จ264น 2550 ฉ.2 
  Barcode: 021372
ห้องสมุดวิทยาเขตสวรรค์ประชารักษ์
►ส่วนจัดเก็บหนังสือเก่า สปร
บนชั้น
  ขอยืม
3. วิทยาศาสตร์การแพทย์ และสุขภาพ
วิทยาศาสตร์การแพทย์ และสุขภาพ
WY86 จ264น 2550 ฉ.3 
  Barcode: 021373
ห้องสมุดวิทยาเขตสวรรค์ประชารักษ์
►ส่วนจัดเก็บหนังสือเก่า สปร
บนชั้น
  ขอยืม

รายการใกล้เคียง
    ผู้แต่ง [จันทร์เพ็ญ สันตวาจา]

    หัวเรื่อง [การพยาบาล]
    หัวเรื่อง [กระบวนการพยาบาล]

BibComment


ยังไม่เคยถูกคอมเมนท์

คอมเมนท์ทรัพยากรรายการนี้
  คอมเมนท์: แนวคิดพื้นฐานทฤษฎ..


 Copyright 2026. Bcnsprnw @Library